000 03893cam a22005294i 4500
003 PE-LiUPU
005 20250731184535.0
008 170816s2012 sp a rb 000 0 spa d
020 _a8498922704
020 _a9788498922707
035 _a(Sirsi) a238292
040 _aPE-LiUPU
_bspa
_cPE-LiUPU
_erda
049 _aPRUA
082 0 4 _a909
_bW32
_223
100 1 _aWatson, Peter.
_eautor.
245 1 3 _aLa gran divergencia :
_bcómo y por qué llegaron a ser diferentes el Viejo Mundo y el Nuevo /
_cPeter Watson.
264 1 _aBarcelona:
_bCrítica,
_c2012.
300 _a718 páginas :
_bilustraciones ;
_c24centimetros.
336 _atext
_2rdacontent
337 _aunmediated
_2rdamedia
338 _avolume
_2rdacarrier
490 0 _aSerie mayor
504 _aÍndices: páginas 673-714
505 0 _aEn que se diferenciaban los primeros americanos de los antiguos pueblos del viejo mundo -- Capítulo I. Desde africa hasta alaska: el gran viaje que ponen de manifiestos los genes, la lengua y las piedras -- Capítulo 2. Desde africa hasta alaska: los desastres del pasado remoto que ponen de manifiesto los mitos, la religión y las piedra -- Capítulo 3. Siberia y los orígenes del chamanismo -- Capítulo 4 La entrada en una tierra desabitada -- Segunda Parte Diferencias entre la naturaleza del viejo mundo y la del nuevo -- Capítulo 5. Anillos de fuego y trompetas térmicas -- Capítulo 6.Raíces frente a semillas y la desigual distribución de los mamiferos domesticables --Capítulo 7. Paternidad, fertilidad y agricultura:"La caída" --Capítulo 8 Arar, guiar a los animales, ordeñar y montar a caballo: cuatro cosas que nunca se hicieron en el nuevo mundo -- Capítulo 9. La catástrofe y los (esenciales) orígenes del sacrificio -- Capítulo 10. De los narcóticos al alcohol -- Capítulo 11. El maíz y quienes están hechos de él -- Capítulo 12. La selva psicoactiva y la desigual distribución de los alucinógenos -- Capítulo 13. Casas de humo, coca y chocolate -- Capítulo 14. En plena naturaleza: el jaguar, el bisonte y el salmón -- Porque la naturaleza humana evolucionó de forma distinta en el viejo y el nuevo mundo -- Capítulo 15. Eridu y aspero: las primeras ciudades, situadas a 12.000 kilometros de distancia -- Capítulo 16. Las etapas, la guerra y "una nueva tipología antropológica" -- Capítulo 17. El dia del jaguar -- Capítulo 18. La invención del monoteísmo y el fin de los sacrificios en el viejo mundo -- Capítulo 19. La invención de la democracia, el alfabeto, el dinero y el concepto griego de la naturaleza -- Capítulo 20. Reyes-chamanes, árboles del mundo y serpientes visión -- Capítulo 21.Derramamiento de sangre, scrificio humano, dolor y potlatch -- Capítulo 22 Monasterios y mandarines, musulmanes y mongoles -- La serpiente emplumada, el quinto sol y los cuatro suyos
526 _aP136
526 _aP135
526 _aP134
526 _aP133
526 _aP144
526 _aP143
526 _aP87
526 _aP35
526 _aP20
526 _aP14
526 _aP10
526 _aP06
650 1 4 _aAmérica prehispánica.
650 1 4 _aAntropología cultural y social de América.
650 1 4 _aAntropología cultural y social de Europa..
910 _ajck
_bjvq
_cksl
_d20170816
942 _2ddc
_cBOOK
949 _a909 W32
_wDEWEY
_c1
_i76848
_lCATALOGING
_mBUL
_p60.00
_r0
_sY
_tBOOK
_u2017-08-16
_xINGENIERIA
_PP06
_0COMPRA
_o.CIRCNOTE. El documento es de alto precio.
_o.STAFF. Colección Ingeniería y Arquitectura
994 _aC0
_bPEPRU
596 _a1
999 _a909 W32
_wLC
_c24991
_i76848
_d24991
_e2019-6-3
_f2021-11-10
_g4
_lCCODEBUL1
_mBUL
_n2
_p60.00
_r0
_sY
_tBOOK
_u2017-8-15
_xINGENIERIA
_PP06
_0COMPRA
_o.STAFF. Colección Ingeniería y Arquitectura
980 _81
_gALBERTO SANCHEZ Responsable de Automatización